| 000 | 00355nam a2200121 4500 | ||
|---|---|---|---|
| 008 | 240802b |||||||| |||| 00| 0 eng d | ||
| 040 |
_aNational Science Library _cNational Science Library |
||
| 080 |
_a63(100)(063) _bF73.2 |
||
| 245 | _aActes du conseil international scientifique agricole | ||
| 260 |
_aRome: _c1927 |
||
| 300 | _a754p. | ||
| 942 |
_2udc _cBK |
||
| 999 |
_c65718 _d65718 |
||